000176697 001__ 176697
000176697 005__ 20160817111726.0
000176697 022__ $$a0970-2318
000176697 0247_ $$2ZDBID$$aPERI:(DE-600)46741-8
000176697 0247_ $$2ZDBPPN$$aZDPPN:010411194
000176697 0247_ $$2SCOPUS$$aSCOPUS:61420
000176697 035__ $$aPERI:(DE-600)46741-8
000176697 082__ $$a620
000176697 245__ $$aElectricity conservation quarterly$$bECQ$$hprint
000176697 2463_ $$aECQ
000176697 247__ $$2DE-600$$aElectricity conservation quarterly
000176697 260__ $$aBaroda
000176697 380__ $$2marcgt$$ajournal
000176697 500__ $$aAutomatically generated record. (Updated: 08/2016)
000176697 650_7 $$0ASJC:2210$$2ASJC$$aMechanical Engineering
000176697 909CO $$ooai:juser.fz-juelich.de:271841$$pauthority$$pauthority:PERI
000176697 909CO $$ooai:juser.fz-juelich.de:271841
000176697 915__ $$0StatID:(DE-HGF)0200$$2StatID$$aDBCoverage$$bSCOPUS
000176697 980__ $$aPERI
000176697 980__ $$aAUTHORITY